00712nam a2200241 a 4500001001300000003000900013005001700022008004100039020001000080082001600090100001800106245004900124260005900173300000900232500003500241505001000276650002500286700001800311902000800329942000700337952010900344999001700453nice12345678IN_TiNIC20260116013530.0050524s1985 alwa grp 000 0 eng  ac20000a291.34bTHA aThachil, Jose aVedic and the Christian Concept of Sacrifice aAlwaye(kerala)bPontifical Institute of Theologyc1985 a363p aincludes index and biblioraphy2 aIndex aComparative Religion1 aThachil, Jose bSRS cBK 00104070aHMIbHMId2007-07-19g200.00l2o291.34 THAp018306r2018-09-26s2018-09-21w2026-01-16yEB c11352d11352